[Event "Banja Luka op-A"]
[Site "Banja Luka"]
[Date "2024.04.26"]
[Round "1"]
[White "Nadj Hedjesi, Balind"]
[Black "Zivkovic, Milenko"]
[Result "1-0"]
[WhiteElo "2216"]
[BlackElo "1971"]
[PlyCount "113"]
[EventDate "2024.04.26"]
[EventType "swiss"]
[EventRounds "5"]
[EventCountry "BIH"]
[SourceTitle "CB19_2024"]
[SourceDate "2024.05.08"]
[SourceVersion "1"]
[SourceVersionDate "2024.05.08"]
[SourceQuality "1"]

1. e4 e5 2. d4 exd4 3. Qxd4 Nc6 4. Qd3 Nf6 5. Nc3 Bb4 6. Bd2 0-0 7. 0-0-0 d6 8. Nge2 Re8 9. Bg5 h6 10. Bh4 Ne5 11. Qb5 Bc5 12. Nd5 c6 13. Nxf6+ gxf6 14. Qb3 Ng6 15. Bg3 Rxe4 16. Qf3 Qe7 17. h3 d5 18. Nf4 Re1 19. Bd3 Rxh1 20. Rxh1 Ne5 21. Qh5 Kg7 22. Re1 Be6 23. Bh4 Bd6 24. Re3 Qe8 25. Nxe6+ Qxe6 26. Bf5 Qe8 27. f4 Nd3+ 28. Rxd3 Bxf4+ 29. Kb1 Qe5 30. Qg4+ Kh8 31. Bxf6+ Qxf6 32. Qxf4 Re8 33. a3 Qg5 34. Qd4+ f6 35. g4 b6 36. Qf2 Re5 37. h4 Qg7 38. Rf3 Qe7 39. Bd3 Kg7 40. Rf5 c5 41. Rxe5 fxe5 42. Bf5 e4 43. Qe1 e3 44. Bd3 d4 45. h5 Qe6 46. Qe2 Qf6 47. Qg2 Qe7 48. Qf3 Qf6 49. Qe4 a5 50. a4 Kf7 51. b3 Kf8 52. Kc1 Qf2 53. Qf5+ Qxf5 54. gxf5 Kf7 55. Kd1 Kf6 56. Ke2 Kg5 57. Kf3 1-0

[Event "Srpska Republic-chT 1st League"]
[Site "Banja Dvorovi"]
[Date "2018.08.11"]
[Round "8.5"]
[White "Peric, David"]
[Black "Zivkovic, Milenko"]
[Result "0-1"]
[WhiteElo "1488"]
[BlackElo "1929"]
[PlyCount "46"]
[EventDate "2018.08.04"]
[EventType "team-tourn"]
[EventRounds "9"]
[EventCountry "BIH"]
[SourceTitle "CBM 186 Extra"]
[Source "ChessBase"]
[SourceDate "2018.08.24"]
[SourceVersion "1"]
[SourceVersionDate "2018.08.24"]
[SourceQuality "1"]
[WhiteTeam "Bijeljina Svetozar Gligoric"]
[BlackTeam "Derventa"]
[WhiteTeamCountry "BIH"]
[BlackTeamCountry "BIH"]

1. e4 e5 2. Nc3 Nc6 3. f4 exf4 4. Nf3 Nf6 5. d4 Bb4 6. e5 Qe7 7. Bxf4 d6 8. Bb5 Bd7 9. 0-0 dxe5 10. dxe5 Qc5+ 11. Kh1 Ng4 12. Nd5 0-0-0 13. Nxb4 Qxb4 14. Bxc6 Bxc6 15. Qc1 Bb5 16. Re1 Bc6 17. Ng5 Qd4 18. h3 Qf2 19. Rg1 Rd4 20. hxg4 Rxf4 21. Nh3 Rxg4 22. Nxf2 Rh4+ 23. Nh3 Rxh3# 0-1

[Event "Lukavac op 5th"]
[Site "Lukavac"]
[Date "2016.11.25"]
[Round "3"]
[White "Uysal, Ugur"]
[Black "Zivkovic, Milenko"]
[Result "1-0"]
[WhiteElo "1532"]
[BlackElo "1988"]
[PlyCount "87"]
[EventDate "2016.11.24"]
[EventType "swiss"]
[EventRounds "7"]
[EventCountry "BIH"]
[SourceTitle "EXT 2019"]
[Source "ChessBase"]
[SourceDate "2018.10.10"]
[SourceVersion "1"]
[SourceVersionDate "2018.10.10"]
[SourceQuality "1"]

1. Nf3 Nf6 2. d4 c5 3. c4 e6 4. Nc3 d5 5. cxd5 exd5 6. g3 Nc6 7. Bg2 Be7 8. 0-0 0-0 9. b3 Be6 10. Bb2 h6 11. Rc1 b6 12. dxc5 bxc5 13. Na4 Ne4 14. Nd2 Nxd2 15. Qxd2 c4 16. bxc4 Bb4 17. Qd1 Qa5 18. cxd5 Rad8 19. Rxc6 Bxd5 20. Bxd5 Rxd5 21. Qb3 Rfd8 22. a3 Bd2 23. Bc3 Bxc3 24. Nxc3 Rh5 25. e4 Qe5 26. Rd1 Rb8 27. Qd5 Qe8 28. Qd7 Qf8 29. Rc7 Re5 30. Rd5 Re6 31. f4 Ree8 32. Qd6 Qxd6 33. Rxd6 Rb2 34. Rdd7 Rb3 35. Nd5 Rf8 36. Kg2 Rxa3 37. Rxa7 Rb3 38. e5 g5 39. e6 g4 40. Rxf7 Rxf7 41. Rxf7 Rb2+ 42. Kf1 Rb1+ 43. Ke2 Rb2+ 44. Kd3 1-0

[Event "Lukavac op 5th"]
[Site "Lukavac"]
[Date "2016.11.25"]
[Round "2"]
[White "Zivkovic, Milenko"]
[Black "Mrndjic, Muamer"]
[Result "0-1"]
[WhiteElo "1988"]
[BlackElo "2257"]
[PlyCount "100"]
[EventDate "2016.11.24"]
[EventType "swiss"]
[EventRounds "7"]
[EventCountry "BIH"]
[SourceTitle "EXT 2019"]
[Source "ChessBase"]
[SourceDate "2018.10.10"]
[SourceVersion "1"]
[SourceVersionDate "2018.10.10"]
[SourceQuality "1"]

1. d4 Nf6 2. Nc3 d5 3. e4 Nxe4 4. Nxe4 dxe4 5. Be3 g6 6. Ne2 Bg7 7. Qd2 0-0 8. 0-0-0 e5 9. Nc3 exd4 10. Bxd4 Nc6 11. Bxg7 Qxd2+ 12. Rxd2 Kxg7 13. Nxe4 Re8 14. Ng3 Re1+ 15. Rd1 Rxd1+ 16. Kxd1 Be6 17. a3 Bd5 18. f4 Rd8 19. Kc1 f5 20. Rg1 Nd4 21. Ne2 Ne6 22. g3 Bf3 23. Nc3 c6 24. Bc4 Nd4 25. Re1 Kf6 26. Re3 b5 27. Be2 Bg2 28. Bd1 h6 29. Nb1 g5 30. c3 gxf4 31. gxf4 Ne6 32. Re2 Nxf4 33. Rd2 Nd3+ 34. Kc2 Be4 35. Kb3 Rd5 36. c4 bxc4+ 37. Kc3 Ne5 38. Rxd5 cxd5 39. Nd2 Ke7 40. Kd4 Kd6 41. Be2 Nc6+ 42. Ke3 Ke5 43. Kf2 f4 44. Bxc4 dxc4 45. Nxc4+ Kd4 46. Nd6 Ne5 47. Nb5+ Kd3 48. Nxa7 Ng4+ 49. Kg1 f3 50. h3 Ke2 0-1

[Event "Lukavac op 1st"]
[Site "Lukavac"]
[Date "2012.11.24"]
[Round "3"]
[White "Vajic, Goran"]
[Black "Zivkovic, Milenko"]
[Result "1-0"]
[WhiteElo "2244"]
[BlackElo "2034"]
[PlyCount "91"]
[EventDate "2012.11.23"]
[EventType "swiss"]
[EventRounds "7"]
[EventCountry "BIH"]
[SourceTitle "CBM 151 Extra"]
[Source "ChessBase"]
[SourceDate "2012.12.18"]
[SourceVersion "1"]
[SourceVersionDate "2012.12.18"]
[SourceQuality "1"]

1. e4 e5 2. Nf3 Nc6 3. Bb5 a6 4. Ba4 Nf6 5. 0-0 Be7 6. Re1 b5 7. Bb3 0-0 8. d4 d6 9. c3 Bg4 10. Be3 Na5 11. Bc2 c5 12. d5 Nc4 13. Bc1 h6 14. Bd3 Nb6 15. Nbd2 c4 16. Bc2 Nfd7 17. Nf1 Bg5 18. Ne3 Bxe3 19. Bxe3 Qf6 20. h3 Bh5 21. Qe2 g5 22. g4 Bg6 23. h4 gxh4 24. Bxh6 Bxe4 25. Qxe4 Qxh6 26. g5 f5 27. Qxh4 Qg6 28. Rad1 Kg7 29. Qh3 Qh7 30. Qxh7+ Kxh7 31. Nh4 e4 32. f3 Ne5 33. fxe4 f4 34. Kf2 Rad8 35. Nf5 Kg6 36. Rh1 Rh8 37. Rh6+ Rxh6 38. gxh6 Rd7 39. Rh1 Nc8 40. Rh4 Rh7 41. Rxf4 Kg5 42. Kg3 Ne7 43. Nxd6 Rxh6 44. Nf7+ Nxf7 45. Rxf7 Ng6 46. Rf5# 1-0

[Event "Koge Bugt Summer"]
[Site "Solrod"]
[Date "2011.08.17"]
[Round "1.2"]
[White "Orup, Kim"]
[Black "Zivkovic, Milenko"]
[Result "1-0"]
[WhiteElo "1662"]
[BlackElo "1827"]
[PlyCount "73"]
[EventDate "2011.08.17"]
[EventType "swiss"]
[EventRounds "7"]
[EventCountry "DEN"]
[SourceTitle "EXT 2023"]
[Source "ChessBase"]
[SourceDate "2022.10.05"]
[SourceVersion "1"]
[SourceVersionDate "2022.10.05"]
[SourceQuality "1"]

1. e4 e5 2. Bc4 Nf6 3. Nc3 Nc6 4. Nf3 Nxe4 5. Bxf7+ Kxf7 6. Nxe4 d5 7. Neg5+ Kg8 8. d4 h6 9. Nh3 Bg4 10. Qd2 Bxf3 11. gxf3 Nxd4 12. Qd3 Qf6 13. Ng1 c5 14. c3 c4 15. Qd1 Bb4 16. Bd2 Qg6 17. cxd4 Qg2 18. Bxb4 Re8 19. Qa4 Qxh1 20. 0-0-0 Kh7 21. dxe5 d4 22. Qd7 Rxe5 23. Qxd4 Rhe8 24. Bc3 R5e7 25. Qg4 Qxh2 26. Nh3 Qc7 27. Qf5+ g6 28. Qg4 Qc6 29. Rh1 Kg8 30. Nf4 Kh7 31. Qh3 g5 32. Qf5+ Kg8 33. Nd5 Rf7 34. Nf6+ Kf8 35. Rxh6 Ke7 36. Nd5+ Kd8 37. Qxf7 1-0

[Event "Politiken Cup 33rd"]
[Site "Helsingor"]
[Date "2011.08.05"]
[Round "8"]
[White "Zivkovic, Milenko"]
[Black "Pedersen, Bent O"]
[Result "1-0"]
[WhiteElo "2079"]
[BlackElo "1860"]
[PlyCount "51"]
[EventDate "2011.07.30"]
[EventType "swiss"]
[EventRounds "10"]
[EventCountry "DEN"]
[SourceTitle "CBM 143 Extra"]
[Source "ChessBase"]
[SourceDate "2011.08.29"]
[SourceVersion "1"]
[SourceVersionDate "2011.08.29"]
[SourceQuality "1"]

1. d4 Nf6 2. Nc3 g6 3. e4 d5 4. Bd3 dxe4 5. Nxe4 Nbd7 6. Nf3 Bg7 7. Bg5 Nxe4 8. Bxe4 Nf6 9. Bd3 0-0 10. 0-0 Bg4 11. h3 Bxf3 12. Qxf3 Qd5 13. Qe3 Rad8 14. c3 Rfe8 15. Bc2 Qd7 16. Rfe1 Nd5 17. Qd2 b5 18. a4 a6 19. axb5 axb5 20. Re2 Ra8 21. Rae1 c6 22. Re4 Qd6 23. h4 h5 24. Qd3 Kh7 25. Re6 Qxe6 26. Rxe6 1-0